000 01157nas a2200409 4500
001 BR0403654
003 BR-BrBNA
005 20231205104717.0
007 ta
008 230509b bl.|||p| |||| 00| 00por d
040 _aBR-BrBNA
_bpor
_cBiblioteca Nacional de Agricultura
041 _a(Pt)
072 _aL51; U10
100 1 _aDetmann, E.
100 1 _aQueiroz, A.C. de
100 1 _aCecon, P.R.
100 1 _aZervoudakis, J.T.
100 1 _aPaulino, M.F.
100 1 _aValadares Filho, S. de C.
100 1 _aCabral, L. da S.
100 1 _aLana, R. de P.
245 1 _aConsumo de fibra em detergente neutro por bovinos em confinamento
650 _aBOVINO
650 _aCONSUMO
650 _aFIBRA
650 _aDETERGENTE
650 _aMATÉRIA SECA
650 _aCONFINAMENTO
650 _aDIGESTIBILIDADE
650 _aNUTRIENTE
650 _aDIETA
650 _aESTIMATIVA
650 _aMÉTODO ESTATÍSTICO
773 0 _tRevista Brasileira de Zootecnia (Brazil)
_xISSN 1516-3598
_g(Nov-Dec 2003), v. 32(6)Suplemento 1 p. 1763-1777
_wBR0403654
909 _a202311
_bLúcia
_c55
_dLúcia Elande
942 _2AGRIS
_n0
_cANA
999 _c179370
_d179370